UM Logo

Interviewing : (Record no. 17789)

MARC details
000 -LEADER
fixed length control field 00677nam a22001937a 4500
008 - FIXED-LENGTH DATA ELEMENTS--GENERAL INFORMATION
fixed length control field 221221b ||||| |||| 00| 0 eng d
020 ## - INTERNATIONAL STANDARD BOOK NUMBER
International Standard Book Number 9781265755010
082 ## - DEWEY DECIMAL CLASSIFICATION NUMBER
Edition number 2022
Classification number DC 158.39
Item number St491
100 ## - MAIN ENTRY--PERSONAL NAME
Personal name Stewart, Charles J.
9 (RLIN) 47249
245 ## - TITLE STATEMENT
Title Interviewing :
Remainder of title principles and practices /
Statement of responsibility, etc. Charles J. Stewart.
250 ## - EDITION STATEMENT
Edition statement Sixteenth edition.
260 ## - PUBLICATION, DISTRIBUTION, ETC. (IMPRINT)
Place of publication, distribution, etc. New York :
Name of publisher, distributor, etc. McGraw Hill,
Date of publication, distribution, etc. ©2022.
300 ## - PHYSICAL DESCRIPTION
Extent xx, 344 pages :
Other physical details illustrations ;
Dimensions 23 cm.
500 ## - GENERAL NOTE
General note Includes glossary and indexes.<br/>
650 ## - SUBJECT ADDED ENTRY--TOPICAL TERM
Topical term or geographic name as entry element Interviewing
General subdivision Textbooks.
9 (RLIN) 47250
650 ## - SUBJECT ADDED ENTRY--TOPICAL TERM
Topical term or geographic name as entry element Counseling
General subdivision Textbooks.
9 (RLIN) 47251
650 ## - SUBJECT ADDED ENTRY--TOPICAL TERM
Topical term or geographic name as entry element Employment interviewing
General subdivision Textbooks.
9 (RLIN) 47252
942 ## - ADDED ENTRY ELEMENTS (KOHA)
Source of classification or shelving scheme Dewey Decimal Classification
Koha item type Circulation
Holdings
Withdrawn status Lost status Source of classification or shelving scheme Damaged status Not for loan Collection code Home library Current library Date acquired Source of acquisition Cost, normal purchase price Total Checkouts Full call number Barcode Date last seen Price effective from Koha item type
    Dewey Decimal Classification     Circulation UM Digos College - LIC UM Digos College - LIC 08/16/2022 Purchased 5380.00   DC 158.39 St491 2022 27171 05/15/2025 12/21/2022 Circulation